000 00551nam a2200205Ia 4500
008 230125s9999 xx 000 0 und d
041 _aeng
082 _a658.45
_bRAI/ RAI
100 _aRai U S
_9108031
245 _aBusiness Communication
250 _a4th ed
260 _c1997
_bHimalaya Publishing House
_aMumbai
300 _a414p
500 _aBusiness Communication,BC
500 _aBusiness Communication;Communication
650 _aCommunication
700 _aRai U S & Rai S M
_9106181
906 _b12
999 _c84851
_d84851